Manažment kvality a environment
Nástroje riadenia kvality a environmentu. Plánovanie kvality. Informačné zabezpečenie rozvoja kvality. Personálne predpoklady -rozhodujúci faktor zvyšovania kvality. Organizačné predpoklady. Certifikácia kvality.
Saved in:
| Main Author: | |
|---|---|
| Format: | Book Chapter |
| Language: | Slovak |
| Subjects: | |
| Tags: |
No Tags, Be the first to tag this record!
|
MARC
| LEADER | 00000nla$a2200000$$$4500 | ||
|---|---|---|---|
| 001 | 0128324 | ||
| 005 | 20240502072451.1 | ||
| 041 | 0 | |a slo | |
| 044 | |a SK | ||
| 245 | 1 | 0 | |a Manažment kvality a environment |c Michal Leščišin |
| 520 | |a Nástroje riadenia kvality a environmentu. Plánovanie kvality. Informačné zabezpečenie rozvoja kvality. Personálne predpoklady -rozhodujúci faktor zvyšovania kvality. Organizačné predpoklady. Certifikácia kvality. | ||
| 610 | 2 | 0 | |a riadenie kvality |
| 610 | 2 | 0 | |a manažment |
| 610 | 2 | 0 | |a plánovanie |
| 610 | 2 | 0 | |a zdroje ľudské |
| 610 | 2 | 0 | |a ochrana prostredia životného |
| 610 | 2 | 0 | |a systémy informačné |
| 610 | 2 | 0 | |a certifikácia |
| 100 | 1 | |a Leščišin, Michal | |